Civil Procedure with Limitation Act,1963 (Record no. 1308781)
[ view plain ]
| 000 -LEADER | |
|---|---|
| fixed length control field | 00775nam a2200277Ia 4500 |
| 003 - CONTROL NUMBER IDENTIFIER | |
| control field | OSt |
| 005 - DATE AND TIME OF LATEST TRANSACTION | |
| control field | 20260316165721.0 |
| 008 - FIXED-LENGTH DATA ELEMENTS--GENERAL INFORMATION | |
| fixed length control field | 008 250409s9999 xx 000 0 eng d |
| 020 ## - INTERNATIONAL STANDARD BOOK NUMBER | |
| International Standard Book Number | 9789351452256 |
| 037 ## - SOURCE OF ACQUISITION | |
| Stock number | Textbook |
| 040 ## - CATALOGING SOURCE | |
| Original cataloging agency | LCT |
| Language of cataloging | eng |
| Transcribing agency | LCT |
| 041 ## - LANGUAGE CODE | |
| Language code of text/sound track or separate title | eng |
| Source of code | eng |
| 084 ## - COLON CLASSIFICATION NUMBER | |
| Classification number | Z2,7,11 M3;R1 |
| Assigning agency | LCT |
| 100 ## - MAIN ENTRY--PERSONAL NAME | |
| Personal name | Takwani, CK |
| 9 (RLIN) | 752094 |
| 245 #0 - TITLE STATEMENT | |
| Title | Civil Procedure with Limitation Act,1963 |
| Statement of responsibility, etc. | by CK Takwani |
| 250 ## - EDITION STATEMENT | |
| Edition statement | 9th ed. |
| 260 ## - PUBLICATION, DISTRIBUTION, ETC. | |
| Place of publication, distribution, etc. | New Delhi |
| Name of publisher, distributor, etc. | Eastern Book Company |
| Date of publication, distribution, etc. | 2022 |
| 300 ## - PHYSICAL DESCRIPTION | |
| Extent | clviii , 889p. |
| 365 ## - TRADE PRICE | |
| Price type code | INR |
| Price amount | 995 |
| 650 ## - SUBJECT ADDED ENTRY--TOPICAL TERM | |
| Topical term or geographic name entry element | Law |
| 650 ## - SUBJECT ADDED ENTRY--TOPICAL TERM | |
| Topical term or geographic name entry element | Civil procedure |
| 9 (RLIN) | 681550 |
| 650 ## - SUBJECT ADDED ENTRY--TOPICAL TERM | |
| Topical term or geographic name entry element | Court rules |
| 9 (RLIN) | 735020 |
| 650 ## - SUBJECT ADDED ENTRY--TOPICAL TERM | |
| Topical term or geographic name entry element | Civil Court |
| 9 (RLIN) | 701738 |
| 942 ## - ADDED ENTRY ELEMENTS (KOHA) | |
| Koha item type | Textbook |
| Classification part | Z2,7,11 M3;R1 |
| Source of classification or shelving scheme | Colon Classification (CC) |
| Suppress in OPAC | No |
| Withdrawn status | Lost status | Source of classification or shelving scheme | Damaged status | Not for loan | Collection | Home library | Current library | Shelving location | Date acquired | Source of acquisition | Cost, normal purchase price | Inventory number | Total Checkouts | Full call number | Barcode | Date last seen | Price effective from | Koha item type |
|---|---|---|---|---|---|---|---|---|---|---|---|---|---|---|---|---|---|---|
| Colon Classification (CC) | Non-fiction | Law Centre-II Library | Law Centre-II Library | General Stacks | 2025-04-09 | Singhal Publication | 995.00 | 2951/29.12.2022 | Z2,7,11 M3;R1:5 | LT0028248 | 2025-04-09 | 2025-04-09 | Textbook | |||||
| Colon Classification (CC) | Non-fiction | Law Centre-II Library | Law Centre-II Library | General Stacks | 2025-04-09 | Singhal Publication | 995.00 | 2951/29.12.2022 | Z2,7,11 M3;R1 | LT0028243 | 2025-05-29 | 2025-04-09 | Textbook | |||||
| Colon Classification (CC) | Non-fiction | Law Centre-II Library | Law Centre-II Library | General Stacks | 2025-04-09 | Singhal Publication | 995.00 | 2951/29.12.2022 | Z2,7,11 M3;R1:1 | LT0028244 | 2025-05-29 | 2025-04-09 | Textbook | |||||
| Colon Classification (CC) | Non-fiction | Law Centre-II Library | Law Centre-II Library | General Stacks | 2025-04-09 | Singhal Publication | 995.00 | 2951/29.12.2022 | Z2,7,11 M3;R1:2 | LT0028245 | 2025-05-29 | 2025-04-09 | Textbook | |||||
| Colon Classification (CC) | Non-fiction | Law Centre-II Library | Law Centre-II Library | General Stacks | 2025-04-09 | Singhal Publication | 995.00 | 2951/29.12.2022 | Z2,7,11 M3;R1:3 | LT0028246 | 2025-05-29 | 2025-04-09 | Textbook | |||||
| Colon Classification (CC) | Non-fiction | Law Centre-II Library | Law Centre-II Library | General Stacks | 2025-04-09 | Singhal Publication | 995.00 | 2951/29.12.2022 | Z2,7,11 M3;R1:4 | LT0028247 | 2025-05-29 | 2025-04-09 | Textbook | |||||
| Colon Classification (CC) | Non-fiction | Law Centre-II Library | Law Centre-II Library | General Stacks | 2025-04-09 | Singhal Publication | 995.00 | 2951/29.12.2022 | Z2,7,11 M3;R1:6 | LT0028249 | 2025-05-29 | 2025-04-09 | Textbook | |||||
| Colon Classification (CC) | Non-fiction | Law Centre-II Library | Law Centre-II Library | General Stacks | 2025-04-09 | Singhal Publication | 995.00 | 2951/29.12.2022 | Z2,7,11 M3;R1:7 | LT0028250 | 2025-05-29 | 2025-04-09 | Textbook | |||||
| Colon Classification (CC) | Non-fiction | Law Centre-II Library | Law Centre-II Library | General Stacks | 2025-04-09 | Singhal Publication | 995.00 | 2951/29.12.2022 | Z2,7,11 M3;R1:8 | LT0028251 | 2025-05-29 | 2025-04-09 | Textbook | |||||
| Colon Classification (CC) | Non-fiction | Law Centre-II Library | Law Centre-II Library | General Stacks | 2025-04-09 | Singhal Publication | 995.00 | 2951/29.12.2022 | Z2,7,11 M3;R1:9 | LT0028252 | 2025-05-29 | 2025-04-09 | Textbook |
